ბათუმის შოთა რუსთაველის სახელმწიფო უნივერსიტეტის ბიბლიოთეკა

საქართველოს კანონი : საქართველოს სამოქალაქო კოდექსი : (ბიბ.ჩანაწერი № 58671)

000 -ლიდერი
ფიქსირებული სიგრძის საკონტროლო ველი 01090nam a22001937a 4500
003 - საკონტროლო ნომრის იდენტიფიკატორი
საკონტროლო ველი Ge_BSU
005 - ბოლო ოპერაციის თარიღი და დრო
საკონტროლო ველი 20220624121219.0
008 - ფიქსირებული სიგრძის მონაცემთა ელემენტები - ზოგადი ინფორმაცია
ფიქსირებული სიგრძის საკონტროლო ველი 220624s2022 ge ||||| |||| 00| 0 geo d
041 ## - ენის კოდი
Language code of text/sound track or separate title geo
080 ## - უნივერსალური ათობითი კლასიფიკაციის ინდექსი
Universal Decimal Classification number 347.9(479.22)(094.4) ს-32
245 ## - ცნობა სათაურის შესახებ
Title საქართველოს კანონი : საქართველოს სამოქალაქო კოდექსი :
Remainder of title ანბანურ-საგნობრივი საძიებლით : ცვლილებებითა და დამატებებით 2022 წლის 18 მარტამდე.
264 ## - წარმოების, გამოცემის, დისტრიბუციის და სხვა ცნობები
გამოცემის, წარმოების, დისტრიბუციის... ადგილი თბილისი :
გამოცემის, წარმოების, დისტრიბუციის... სახელწოდება ბონა კაუზა,
გამოცემის, წარმოების, დისტრიბუციის... თარიღი 2022,
300 ## - ფიზიკური აღწერა
Extent 382 გვ. ;
Other physical details 20 სმ.
490 ## - სერიის ცნობა
Series statement იურისტის ბიბლიოთეკა
501 ## - შენიშვნა თანმხლებ მასალაზე
With note ანბანურ-საგნობრივი საძიებელი გვ. 364-382
653 ## - INDEX TERM--UNCONTROLLED
Uncontrolled term საქართველოს კანონი
653 ## - INDEX TERM--UNCONTROLLED
Uncontrolled term საქართველოს სამოქალაქო კოდექსი
942 ## - ADDED ENTRY ELEMENTS (KOHA)
Source of classification or shelving scheme
Koha item type წიგნი
ეგზემპლარები
ჩამოწერის სტატუსი დაკარგული ეგზემპლარის სტატუსი კლასიფიკაციის წყარო ან თაროზე გაწყობის სქემა დაზიანების სტატუსი არ გაიცემა მუდმივი მდებარეობა (დაცვის ადგილი) ამჟამინდელი ადგილსამყოფელი თაროზე განთავსების ადგილი შეძენის თარიღი ღირებულება, შესყიდვის ნორმალური ფასი სრული შენახვის შიფრი შტრიხკოდი ბოლო ოპერაციის თარიღი ეგზემპლარის მიმდევრობითი ნომერი (კეტერი?) ფასის ძალაში შესვლის თარიღი ეგზემპლარის სახეობა საჯარო შენიშვნა
          ბათუმის შოთა რუსთაველის სახელმწიფო უნივერსიტეტის მთავარი ბიბლიოთეკა ბათუმის შოთა რუსთაველის სახელმწიფო უნივერსიტეტის მთავარი ბიბლიოთეკა წიგნსაცავი 2022-06-24 22.50 347.9(479.22)(094.4) ს-32 62870 2022-06-24 62870 2022-06-24 წიგნი 22 ლ. 50 თ.
          ბათუმის შოთა რუსთაველის სახელმწიფო უნივერსიტეტის მთავარი ბიბლიოთეკა ბათუმის შოთა რუსთაველის სახელმწიფო უნივერსიტეტის მთავარი ბიბლიოთეკა წიგნსაცავი 2022-06-24 22.50 347.9(479.22)(094.4) ს-32 62871 2022-06-24 62871 2022-06-24 წიგნი 22 ლ. 50 თ.